[Event "Superettan(Vasteras-Vaxjo)"]
[Site "?"]
[Date "2018.03.17"]
[Round "8"]
[White "Rydstrom, Tom"]
[Black "Norberg, Johan"]
[Result "0-1"]
[WhiteElo "2365"]
[BlackElo "2292"]
[PlyCount "80"]

1. e4 g6 2. d4 Bg7 3. Nc3 d6 4. Be3 a6 5. Qd2 Nd7 6. O-O-O b5 7. h4 h5 8. Nh3
Bb7 9. f3 Rc8 10. Kb1 c5 11. Ng5 Qa5 12. Qf2 cxd4 13. Bxd4 Bxd4 14. Qxd4 Ngf6
15. Qd2 Ne5 16. Bd3 Nc4 17. Bxc4 Rxc4 18. Rhe1 b4 19. Nd5 Bxd5 20. exd5 Rc7 21.
Ne4 O-O 22. a3 Rb7 23. axb4 Rxb4 24. b3 Rfb8 25. Nxf6+ exf6 26. Re3 Qb6 27. Qe1
Kg7 28. Rdd3 a5 29. Re7 Rb7 30. Rxb7 Qxb7 31. g3 a4 32. Qc3 axb3 33. cxb3 Rb5
34. g4 hxg4 35. fxg4 Rxd5 36. Rxd5 Qxd5 37. g5 Qe5 38. Kc2 Qxc3+ 39. Kxc3 f5
40. Kd4 Kf8 0-1

[Event "Superettan(Vasteras-Vaxjo)"]
[Site "?"]
[Date "2018.03.17"]
[Round "8"]
[White "Bergstrom, Peter"]
[Black "Nereltjak, Nedzad"]
[Result "1-0"]
[WhiteElo "2289"]
[BlackElo "2074"]
[PlyCount "133"]

1. e4 e6 2. d4 d5 3. Nc3 Bb4 4. Nge2 dxe4 5. a3 Be7 6. Nxe4 Nf6 7. N2g3 Nbd7 8.
c3 h5 9. Bd3 h4 10. Nxf6+ Nxf6 11. Ne4 h3 12. g3 Bd7 13. Nxf6+ gxf6 14. Be4 Bb5
15. Qf3 c6 16. a4 Qa5 17. b4 Qa6 18. Bb2 Bc4 19. Qe3 f5 20. Bf3 Bd6 21. Be2 f4
22. Qd2 O-O-O 23. Bxc4 Qxc4 24. Qe2 Qd5 25. O-O-O Qa2 26. a5 Kb8 27. Rhe1 Rc8
28. Kc2 Qa4+ 29. Kb1 b6 30. axb6 axb6 31. Qc2 Qxc2+ 32. Kxc2 fxg3 33. fxg3 Rh5
34. Rf1 Rc7 35. Bc1 Re7 36. Bf4 Kc7 37. Ra1 Bxf4 38. Ra7+ Kd6 39. Rxe7 Kxe7 40.
Rxf4 b5 41. Kd3 f6 42. Rf2 Rg5 43. Ra2 Kd6 44. Rf2 Rg6 45. Rf4 Rh6 46. Ke4 Kd7
47. Rf2 Kd6 48. Rf1 Rg6 49. Ra1 Rg4+ 50. Kd3 e5 51. dxe5+ fxe5 52. Ra8 c5 53.
bxc5+ Kxc5 54. Rh8 Ra4 55. Rxh3 e4+ 56. Ke3 Kc4 57. Rh8 Kxc3 58. g4 b4 59. Rc8+
Kb2 60. g5 Ra3+ 61. Kxe4 Rc3 62. Rb8 b3 63. g6 Rc7 64. h4 Rc4+ 65. Kf5 Rxh4 66.
g7 Rh5+ 67. Kf4 1-0

[Event "Superettan(Vasteras-Vaxjo)"]
[Site "?"]
[Date "2018.03.17"]
[Round "8"]
[White "Olofsson-Dolk, Mattis"]
[Black "Landgren, Andreas"]
[Result "1/2-1/2"]
[WhiteElo "2173"]
[BlackElo "2267"]
[PlyCount "90"]

1. d4 Nf6 2. c4 e6 3. Nc3 Bb4 4. e3 O-O 5. Nge2 Re8 6. a3 Bf8 7. Ng3 d5 8. cxd5
exd5 9. Bd3 c5 10. O-O Nc6 11. dxc5 Bxc5 12. b4 Bd6 13. Bb2 Ne5 14. Nb5 Bb8 15.
Rc1 a6 16. Nd4 Nxd3 17. Qxd3 Qd6 18. Nde2 Bd7 19. Bxf6 Qxf6 20. Qxd5 Bc6 21.
Qf5 Qb2 22. Nd4 Bxg3 23. hxg3 Qxa3 24. Nxc6 bxc6 25. Rxc6 Qxb4 26. Rc7 Qf8 27.
Rb1 g6 28. Qf4 Reb8 29. Rxb8 Rxb8 30. Ra7 Ra8 31. Rb7 a5 32. Qa4 Rc8 33. Ra7
Rc1+ 34. Kh2 Qh6+ 35. Qh4 Qxh4+ 36. gxh4 Rc5 37. Kg3 Kg7 38. Ra6 h6 39. e4 Rb5
40. Kf4 Rc5 41. g3 Rb5 42. Kf3 Rb3+ 43. Kf4 Rb5 44. Kf3 Rb3+ 45. Kf4 Rb5
1/2-1/2

[Event "Superettan(Vasteras-Vaxjo)"]
[Site "?"]
[Date "2018.03.17"]
[Round "8"]
[White "Jonsson, Mikael"]
[Black "Sevastianov, Andrii"]
[Result "1-0"]
[WhiteElo "2238"]
[BlackElo "2126"]
[PlyCount "147"]

1. d4 d5 2. c4 e6 3. Nc3 Nf6 4. Bg5 Be7 5. Nf3 Nbd7 6. e3 h6 7. Bh4 O-O 8. Rc1
c5 9. cxd5 Nxd5 10. Bxe7 Nxe7 11. Be2 cxd4 12. Qxd4 Nc6 13. Qd2 Nf6 14. O-O Qe7
15. Rfd1 Rd8 16. Qc2 Bd7 17. Ne4 Be8 18. a3 Rxd1+ 19. Rxd1 Rd8 20. Rc1 Nxe4 21.
Qxe4 Qf6 22. Rc2 Qf5 23. Qxf5 exf5 24. Kf1 Kf8 25. Rc5 g6 26. Ke1 Ke7 27. Bc4
b6 28. Rd5 Rxd5 29. Bxd5 Kd6 30. Bc4 Ne5 31. Nxe5 Kxe5 32. f4+ Kd6 33. Kd2 Kc5
34. Kc3 a5 35. b4+ axb4+ 36. axb4+ Kd6 37. Kd4 f6 38. g3 g5 39. Bd3 Bd7 40. Kc4
Be6+ 41. Kb5 Kc7 42. Bc2 Kb7 43. Bd1 Kc7 44. Bf3 Bd7+ 45. Kc4 Kd6 46. Kd4 Be6
47. Bg2 Bb3 48. Bf1 Ba4 49. Bh3 Bc2 50. Bf1 Ba4 51. Bc4 Bd7 52. Ba6 Be6 53. Bf1
Bb3 54. Kc3 Bd5 55. Kd4 Bb3 56. Bb5 Be6 57. Be8 Ke7 58. Bg6 Kd6 59. Bh7 Kc6 60.
fxg5 hxg5 61. h4 Kd6 62. Bg6 Ke7 63. hxg5 fxg5 64. Ke5 f4 65. exf4 gxf4 66.
gxf4 Bc4 67. Bf5 Bb3 68. Bc8 Kd8 69. Be6 Ba4 70. Kd6 Ke8 71. Bd5 Kf8 72. Kc7 b5
73. Kd6 Kg7 74. Ke7 1-0

[Event "Superettan(Manhem-Schack 08)"]
[Site "?"]
[Date "2018.03.18"]
[Round "9"]
[White "Renman, Nils-Gustaf"]
[Black "Rozentalis, Eduardas"]
[Result "0-1"]
[WhiteElo "2350"]
[BlackElo "2527"]
[PlyCount "64"]
[SourceDate "2018.03.27"]

1. d4 Nf6 2. Nf3 b6 3. c4 e6 4. g3 Bb7 5. Bg2 Be7 6. O-O O-O 7. Nc3 Ne4 8. Bd2
Bf6 9. Rc1 d6 10. d5 Bxc3 11. Bxc3 Nxc3 12. Rxc3 e5 13. e4 a5 14. b3 Nd7 15.
Nd2 Ba6 16. Qc2 Qe7 17. a3 g6 18. Bh3 Rae8 19. b4 axb4 20. axb4 Bc8 21. Ra1 f5
22. Ra7 Qg5 23. Rxc7 Qh5 24. Kg2 Nf6 25. exf5 Bxf5 26. Bxf5 gxf5 27. h3 Kh8 28.
Rf3 f4 29. gxf4 exf4 30. Rxf4 Rg8+ 31. Kh2 Qg5 32. Rg4 Nxg4+ 0-1

[Event "Superettan(Manhem-Schack 08)"]
[Site "?"]
[Date "2018.03.18"]
[Round "9"]
[White "Welin, Mats"]
[Black "Laveryd, Peter"]
[Result "1/2-1/2"]
[WhiteElo "2314"]
[BlackElo "2353"]
[PlyCount "77"]

1. e4 e6 2. d4 d5 3. Nc3 dxe4 4. Nxe4 Bd7 5. Nf3 Bc6 6. Bd3 Nd7 7. c3 Ngf6 8.
Nxf6+ Nxf6 9. Bf4 Bxf3 10. Qxf3 c6 11. O-O Qd5 12. Qe2 Be7 13. Rfe1 O-O 14. a4
Rfe8 15. Rad1 Nd7 16. Qc2 g6 17. b4 Nf8 18. Be5 Qd7 19. Qd2 Bd6 20. h4 Bxe5 21.
dxe5 Qe7 22. Qf4 Rad8 23. Re3 a5 24. Ra1 axb4 25. cxb4 Rd5 26. Be2 Red8 27. Re4
R8d7 28. b5 cxb5 29. Bxb5 Rd1+ 30. Rxd1 Rxd1+ 31. Kh2 Nd7 32. Rd4 Rxd4 33. Qxd4
Nc5 34. g3 b6 35. Kg2 Qb7+ 36. f3 Qd5 37. Qf4 Nd3 38. Bxd3 Qxd3 39. g4 1/2-1/2

[Event "Superettan(Manhem-Schack 08)"]
[Site "?"]
[Date "2018.03.18"]
[Round "9"]
[White "Ingbrant, Johan"]
[Black "Al Hadarani, Hatim"]
[Result "1/2-1/2"]
[WhiteElo "2368"]
[BlackElo "2319"]
[PlyCount "105"]

1. Nf3 g6 2. g3 b5 3. Bg2 Bb7 4. c3 d5 5. a4 c6 6. d4 Nd7 7. Bf4 Ngf6 8. Nbd2
Bg7 9. Nb3 O-O 10. axb5 cxb5 11. Na5 Qb6 12. O-O Rac8 13. Ne5 Ba8 14. Nd3 h6
15. h3 g5 16. Be3 Ne4 17. Qb3 a6 18. Qa3 Qe6 19. Kh2 f5 20. Nb3 Rc6 21. Nb4 Rb6
22. Nxa6 b4 23. cxb4 f4 24. Nbc5 Ndxc5 25. Nxc5 Qd6 26. Bc1 Bxd4 27. Qd3 Bxf2
28. gxf4 gxf4 29. Bf3 Bg3+ 30. Kh1 Rxb4 31. Nb3 Bb7 32. Bd2 Rb6 33. Ba5 Ra6 34.
Nd4 Bc8 35. Nb5 Qc6 36. Nc7 Rxa5 37. Rxa5 Bxh3 38. Nxd5 Nf2+ 39. Kg1 Nxd3 40.
Nxe7+ Kf7 41. Nxc6 Bxf1 42. Kxf1 Nxb2 43. Ne5+ Ke6 44. Ng4 Nd1 45. Ra6+ Ke7 46.
Rxh6 Ne3+ 47. Nxe3 fxe3 48. Rg6 Bf2 49. Kg2 Kf7 50. Be4 Re8 51. Bd3 Rd8 52. Rg4
Ke6 53. Kf3 1/2-1/2

[Event "Superettan(Manhem-Schack 08)"]
[Site "?"]
[Date "2018.03.18"]
[Round "9"]
[White "Akesson, Joel"]
[Black "Rosberg, Simon"]
[Result "1/2-1/2"]
[WhiteElo "2279"]
[BlackElo "2303"]
[PlyCount "53"]

1. c4 c6 2. Nf3 d5 3. d4 Nf6 4. e3 Bg4 5. h3 Bxf3 6. Qxf3 e6 7. Bd3 Nbd7 8. O-O
Bd6 9. Nd2 O-O 10. e4 dxe4 11. Nxe4 Nxe4 12. Qxe4 g6 13. Rd1 Qe7 14. Bf1 Rad8
15. Bd2 e5 16. dxe5 Nc5 17. Qe3 Qxe5 18. Qxe5 Bxe5 19. Bb4 b6 20. Ba3 Rfe8 21.
Rxd8 Rxd8 22. Re1 Bf6 23. Bxc5 bxc5 24. b3 Kf8 25. g3 Rd2 26. Re2 Rxe2 27. Bxe2
1/2-1/2

[Event "Superettan(Manhem-Schack 08)"]
[Site "?"]
[Date "2018.03.18"]
[Round "9"]
[White "Karlsson, Tomas"]
[Black "Carlhammar, Magnus"]
[Result "1-0"]
[WhiteElo "2251"]
[BlackElo "2292"]
[PlyCount "131"]

1. e4 d6 2. d4 Nf6 3. Nc3 e5 4. Nf3 Nbd7 5. Bc4 Be7 6. a4 O-O 7. O-O c6 8. Ba2
b6 9. Qe2 Bb7 10. Rd1 Qc7 11. h3 Rac8 12. dxe5 Nxe5 13. Bf4 Nxf3+ 14. Qxf3 Nd7
15. Rd2 Ne5 16. Qg3 Rcd8 17. Rad1 Bc8 18. Ne2 Kh8 19. Nd4 Ng6 20. Bg5 Bxg5 21.
Qxg5 Rfe8 22. Nf5 f6 23. Qg3 Bxf5 24. exf5 Ne5 25. f4 Nf7 26. Bxf7 Qxf7 27.
Rxd6 Rxd6 28. Rxd6 Qc4 29. Rd7 Rg8 30. Rxa7 Qxc2 31. b3 Qxf5 32. Qe3 g5 33.
fxg5 Qxg5 34. Qxg5 Rxg5 35. Ra6 b5 36. Rxc6 bxa4 37. bxa4 Ra5 38. Rc4 Rf5 39.
Rc3 Kg7 40. Ra3 Ra5 41. Kf2 Kf7 42. Ke3 Ke6 43. Kd4 Kd6 44. Kc4 Kc6 45. Kb4 Re5
46. Rc3+ Kb6 47. Rc4 f5 48. Rh4 Re7 49. Rh6+ Ka7 50. Rf6 Re4+ 51. Kb5 Re5+ 52.
Kc4 Re2 53. Rf7+ Kb6 54. Rg7 h5 55. Kd3 Ra2 56. Rg5 Ra3+ 57. Ke2 Rxa4 58. Rxf5
h4 59. Rg5 Kc6 60. Rg4 Ra3 61. Rxh4 Kd5 62. Rf4 Ke5 63. Rf8 Rb3 64. Kf2 Ke6 65.
Rf3 Rb8 66. g4 1-0

[Event "Superettan(Manhem-Schack 08)"]
[Site "?"]
[Date "2018.03.18"]
[Round "9"]
[White "Storme, Isak"]
[Black "Nyander, Joakim"]
[Result "1-0"]
[WhiteElo "2171"]
[BlackElo "2169"]
[PlyCount "95"]

1. d4 Nf6 2. c4 c5 3. d5 b5 4. cxb5 a6 5. bxa6 g6 6. Nc3 Bxa6 7. e4 Bxf1 8.
Kxf1 d6 9. g3 Bg7 10. Kg2 Nbd7 11. Nf3 Ng4 12. Nd2 Nge5 13. Qe2 Nb6 14. a4 O-O
15. Ra3 Nc8 16. Nb5 Na7 17. f4 Nd7 18. Nc4 Nxb5 19. axb5 Qc7 20. Bd2 Rxa3 21.
bxa3 Ra8 22. Qd3 Ra4 23. Qb3 Qa7 24. Rc1 Qa8 25. Bc3 e6 26. Bxg7 Kxg7 27. Kg1
exd5 28. exd5 Nf6 29. b6 Qa6 30. b7 Nd7 31. Nb6 Qxb7 32. Qxa4 Nxb6 33. Qc6 Qe7
34. Kf2 Qa7 35. Qxd6 Nd7 36. Re1 c4+ 37. Kg2 Nf6 38. Qe5 Qxa3 39. d6 Qa8+ 40.
Kg1 Qc6 41. g4 Qb6+ 42. Kf1 Qc6 43. g5 Qf3+ 44. Kg1 Qg4+ 45. Kf2 Qh4+ 46. Ke2
Qg4+ 47. Kd2 c3+ 48. Kc1 1-0

[Event "Superettan(Manhem-Schack 08)"]
[Site "?"]
[Date "2018.03.18"]
[Round "9"]
[White "Schutz, Ingemar"]
[Black "Fendrich, David"]
[Result "1-0"]
[WhiteElo "2200"]
[BlackElo "2244"]
[PlyCount "97"]

1. e4 d6 2. d4 e5 3. Nf3 exd4 4. Qxd4 a6 5. Bg5 Nc6 6. Qd2 Be7 7. Nc3 Bxg5 8.
Nxg5 h6 9. Nf3 Nf6 10. O-O-O Be6 11. Nd4 Nxd4 12. Qxd4 O-O 13. Be2 b5 14. f4 c5
15. Qe3 b4 16. Na4 Qa5 17. b3 Bd7 18. Rxd6 Bxa4 19. bxa4 Qxa4 20. Bc4 Rfb8 21.
Rhd1 Qa3+ 22. Qxa3 bxa3 23. e5 Rb4 24. exf6 Rxc4 25. Rd8+ Rxd8 26. Rxd8+ Kh7
27. fxg7 Kxg7 28. g3 Rb4 29. Rd3 Ra4 30. Kd2 Kf6 31. Kc3 Ke6 32. Kb3 Re4 33.
Rd2 Kf5 34. Rd5+ Kg4 35. Rxc5 Re2 36. Rc7 f5 37. Rg7+ Kf3 38. h4 Re3+ 39. c3
Kf2 40. h5 Rd3 41. Rg6 Rxg3 42. Rxh6 Rh3 43. Rh8 Kf3 44. h6 Kxf4 45. h7 Kf3 46.
c4 Kf2+ 47. Kb4 f4 48. c5 Rh6 49. c6 1-0

[Event "Superettan(Manhem-Schack 08)"]
[Site "?"]
[Date "2018.03.18"]
[Round "9"]
[White "Al Waeli, Laith"]
[Black "Wikstrom, Per"]
[Result "1/2-1/2"]
[WhiteElo "2060"]
[BlackElo "2199"]
[PlyCount "79"]

1. d4 e6 2. Nf3 d5 3. c4 c6 4. Nc3 Nf6 5. Bg5 Nbd7 6. cxd5 exd5 7. Qc2 Be7 8.
e3 O-O 9. Bd3 Re8 10. O-O Nf8 11. Bxf6 Bxf6 12. b4 Bg4 13. Nd2 a6 14. a4 Bh5
15. b5 axb5 16. axb5 Rxa1 17. Rxa1 c5 18. dxc5 d4 19. exd4 Qxd4 20. Nde4 Be5
21. Ra4 Qd8 22. Ra1 Qd4 23. Ra4 Qd8 24. Ne2 Ne6 25. N4g3 Bg6 26. Bxg6 hxg6 27.
c6 bxc6 28. bxc6 Qb6 29. Re4 Bf6 30. h4 Rc8 31. Rc4 Nd8 32. h5 gxh5 33. Nxh5
Rxc6 34. Nxf6+ Rxf6 35. Nd4 g6 36. Nf3 Rc6 37. Ne5 Rxc4 38. Qxc4 Qd6 39. Qf4
Kg7 40. Qe3 1/2-1/2

[Event "Superettan(Orgryte-Vasteras)"]
[Site "?"]
[Date "2018.03.18"]
[Round "9"]
[White "Sjodahl, Pontus"]
[Black "Kumar, Rahul"]
[Result "1/2-1/2"]
[WhiteElo "2414"]
[BlackElo "2183"]
[PlyCount "96"]

1. d4 g6 2. c4 Bg7 3. e4 d6 4. Nc3 Nc6 5. Be3 e5 6. Nge2 Nf6 7. f3 exd4 8. Nxd4
Nxd4 9. Bxd4 O-O 10. Be2 Be6 11. O-O Nd7 12. Rc1 a5 13. b3 Rc8 14. f4 f5 15.
exf5 Bxf5 16. Bxg7 Kxg7 17. Qd4+ Qf6 18. Qd2 Be6 19. Ne4 Qf5 20. Qd4+ Nf6 21.
Bd3 Bg8 22. Rf3 Rcd8 23. h3 Rfe8 24. Nxf6 Qxf6 25. Qa7 Qb2 26. Rc2 Qf6 27. Qxa5
b6 28. Qc3 Qxc3 29. Rxc3 Re1+ 30. Kf2 Rde8 31. Rc2 Kf6 32. Rd2 R8e7 33. Be2 Ra1
34. Bd1 Re4 35. Be2 Bf7 36. Bd3 Rd4 37. Kg3 Re1 38. Rc2 c5 39. Be2 d5 40. Rf1
Rxf1 41. Bxf1 Kf5 42. cxd5 Bxd5 43. Bb5 Rxf4 44. Rd2 Rd4 45. Rxd4 cxd4 46. Kf2
Ke5 47. Bf1 g5 48. g3 Be6 1/2-1/2

[Event "Superettan(Orgryte-Vasteras)"]
[Site "?"]
[Date "2018.03.18"]
[Round "9"]
[White "Eksmyr, Johan"]
[Black "Akesson, Ralf"]
[Result "1/2-1/2"]
[WhiteElo "2181"]
[BlackElo "2443"]
[PlyCount "86"]

1. d4 Nf6 2. Nf3 e6 3. Bf4 b6 4. e3 Bb7 5. Nbd2 Nh5 6. Bg5 Be7 7. Bxe7 Qxe7 8.
Ne5 Nf6 9. Be2 d6 10. Bf3 c6 11. Ng4 Nxg4 12. Bxg4 O-O 13. O-O Nd7 14. Be2 c5
15. Bf3 d5 16. e4 dxe4 17. Bxe4 Rab8 18. Re1 cxd4 19. Bxb7 Rxb7 20. Nf3 Nf6 21.
Nxd4 Qb4 22. Nb3 a5 23. Qe2 Rc7 24. c3 Qh4 25. Rad1 Qa4 26. Rd4 Qc6 27. a4 Rd7
28. Red1 Rxd4 29. Rxd4 e5 30. Rc4 Qe6 31. Nd2 Rd8 32. h3 h6 33. Nf1 Nd5 34. Qe4
f5 35. Qe2 Rd6 36. g3 Nf6 37. Kh2 Ne4 38. Rc7 Ng5 39. Qc4 Nf3+ 40. Kg2 Ne1+ 41.
Kg1 Nf3+ 42. Kg2 Ne1+ 43. Kg1 Nf3+ 1/2-1/2

[Event "Superettan(Orgryte-Vasteras)"]
[Site "?"]
[Date "2018.03.18"]
[Round "9"]
[White "Vaarala, Eric"]
[Black "Virolainen, Victor"]
[Result "1-0"]
[WhiteElo "2302"]
[BlackElo "2173"]
[PlyCount "109"]

1. d4 Nf6 2. c4 e6 3. Nc3 Bb4 4. e3 O-O 5. Nge2 d5 6. a3 Bd6 7. c5 Be7 8. b4 a6
9. Ng3 Nc6 10. f4 Ne8 11. Bd3 f5 12. O-O Bh4 13. Nh1 Bd7 14. Ra2 Bf6 15. Nf2
Ne7 16. g4 Bh4 17. g5 Bxf2+ 18. Rfxf2 b5 19. a4 c6 20. Nb1 Nc7 21. Bd2 Qb8 22.
Be1 Qb7 23. Rg2 Rfb8 24. a5 Be8 25. Rg3 Bf7 26. Rh3 Ne8 27. Rg2 Ng6 28. Nd2 Ra7
29. Qh5 Nf8 30. Qh4 g6 31. Nf3 Ng7 32. Ne5 Be8 33. Be2 Qe7 34. Qh6 Rc8 35. Rhg3
Rb7 36. h4 Ra7 37. h5 Rb7 38. hxg6 Bxg6 39. Rh3 Rbc7 40. Rgh2 Re8 41. Qh4 Rd8
42. Qg3 Qe8 43. Rh6 Qe7 44. Qh3 Qe8 45. Rxg6 Qxg6 46. Nxg6 hxg6 47. Qh8+ Kf7
48. Rh7 Nxh7 49. Qxd8 Ne8 50. Qa8 Nf8 51. Qxa6 Nd7 52. Bxb5 cxb5 53. Qxb5 Ke7
54. a6 Kd8 55. Qa5 1-0

[Event "Superettan(Orgryte-Vasteras)"]
[Site "?"]
[Date "2018.03.18"]
[Round "9"]
[White "Subramanian, Aditya"]
[Black "Eriksson, Johan"]
[Result "0-1"]
[WhiteElo "2133"]
[BlackElo "2395"]
[PlyCount "94"]

1. d4 f5 2. c4 Nf6 3. Nc3 d6 4. Nf3 g6 5. e3 Bg7 6. b4 O-O 7. Bb2 c6 8. Be2 Qe8
9. d5 Na6 10. a3 Nc7 11. O-O Bd7 12. Qb3 Kh8 13. Rfd1 Rd8 14. a4 h6 15. dxc6
bxc6 16. b5 Rb8 17. Rab1 Ne6 18. Nd4 Nc5 19. Qc2 cxb5 20. axb5 Rc8 21. Nb3 Ne6
22. Qd3 f4 23. Nd5 Nxd5 24. Bxg7+ Nxg7 25. Qxd5 fxe3 26. fxe3 Qf7 27. Qxf7 Rxf7
28. Ra1 Rc7 29. Rf1 Kg8 30. Rxf7 Kxf7 31. Na5 Ne6 32. Bf3 Nc5 33. Bd5+ e6 34.
Bc6 Bc8 35. Ra3 g5 36. e4 Kg7 37. Ra1 Kf6 38. Kf2 Ke5 39. Ke3 Rf7 40. Ba8 Bd7
41. Bc6 Bc8 42. Be8 Rf4 43. Bg6 Bd7 44. Nc6+ Bxc6 45. bxc6 a6 46. Bf5 exf5 47.
c7 Rxe4+ 0-1

[Event "Superettan(Orgryte-Vasteras)"]
[Site "?"]
[Date "2018.03.18"]
[Round "9"]
[White "Landgren, Andreas"]
[Black "Hansson, Fredrik"]
[Result "1/2-1/2"]
[WhiteElo "2267"]
[BlackElo "2177"]
[PlyCount "117"]

1. d4 d5 2. c4 c6 3. Nf3 Nf6 4. Nc3 e6 5. e3 Nbd7 6. Qc2 Bd6 7. Bd3 Qe7 8. O-O
O-O 9. c5 Bc7 10. e4 dxe4 11. Nxe4 Nxe4 12. Bxe4 h6 13. Re1 Nf6 14. Bd3 Rd8 15.
a3 Bd7 16. b3 Be8 17. Bb2 Nd5 18. g3 b6 19. Re2 b5 20. Rae1 Ba5 21. b4 Bc7 22.
Qd2 a5 23. Bc2 axb4 24. axb4 Qf6 25. Ne5 Ra2 26. Bb3 Raa8 27. Nd3 Qf3 28. Bd1
Qf6 29. f4 Ra2 30. Bb3 Raa8 31. Rf1 h5 32. Qe1 g6 33. Ne5 Qe7 34. Bc2 Ra2 35.
Nd3 Qf6 36. Bb3 Raa8 37. Ne5 Qe7 38. Bd1 Qf6 39. h3 Ra2 40. Bb3 Raa8 41. Bc2
Ra2 42. Bb3 Raa8 43. Nd3 Qf5 44. Bc2 Qxh3 45. Ne5 Bxe5 46. dxe5 h4 47. gxh4 Ra2
48. Bb1 Ra4 49. Be4 Nxb4 50. Rh2 Qb3 51. h5 Ra2 52. hxg6 fxg6 53. Qf2 Rxb2 54.
Qxb2 Qe3+ 55. Qf2 Qxe4 56. Qh4 Qe3+ 57. Kh1 Qe4+ 58. Kg1 Qe3+ 59. Kh1 1/2-1/2

[Event "Superettan(Orgryte-Vasteras)"]
[Site "?"]
[Date "2018.03.18"]
[Round "9"]
[White "Fransson, Patrick"]
[Black "Jonsson, Mikael"]
[Result "1/2-1/2"]
[WhiteElo "2136"]
[BlackElo "2238"]
[PlyCount "122"]

1. d4 d5 2. Bg5 f6 3. Bf4 Nc6 4. Nf3 Bg4 5. Nbd2 Nxd4 6. Nxd4 e5 7. h3 Bh5 8.
g4 Bf7 9. e3 exd4 10. exd4 Bd6 11. Be3 Qd7 12. Nb3 O-O-O 13. Qd2 h5 14. Rg1
hxg4 15. hxg4 Qa4 16. a3 Ne7 17. O-O-O Bg6 18. Bd3 Bxd3 19. Qxd3 Rh3 20. Rh1
Rdh8 21. Rxh3 Rxh3 22. Qf1 Rh4 23. Qg2 Qc4 24. Qf3 b6 25. Kb1 Kb7 26. Rc1 Qb5
27. Ka2 Qd7 28. Rg1 Kb8 29. Qe2 Qe6 30. Nd2 f5 31. gxf5 Nxf5 32. Nf3 Nxd4 33.
Nxd4 Rxd4 34. b3 Rh4 35. Qb5 Qe4 36. Qc6 Be5 37. Kb1 Rh1 38. Rc1 Rxc1+ 39. Kxc1
Bf4 40. Kd2 Bxe3+ 41. fxe3 Qe5 42. Qg6 Kb7 43. Qg4 g5 44. Kd3 a5 45. a4 Kc6 46.
Qc8 Qe4+ 47. Kd2 g4 48. c4 g3 49. Qa8+ Kd7 50. cxd5 Qg2+ 51. Kd3 Qf1+ 52. Ke4
g2 53. Qc6+ Kd8 54. d6 cxd6 55. Qxd6+ Ke8 56. Qe6+ Kf8 57. Qh6+ Kf7 58. Qh5+
Kf6 59. Qh6+ Ke7 60. Qg7+ Kd6 61. Qe5+ Kd7 1/2-1/2

[Event "Superettan(Orgryte-Vasteras)"]
[Site "?"]
[Date "2018.03.18"]
[Round "9"]
[White "Janse, Rasmus"]
[Black "Grimsholm, Ola"]
[Result "1-0"]
[WhiteElo "2204"]
[BlackElo "2035"]
[PlyCount "105"]

1. d4 Nf6 2. c4 e6 3. Nc3 Bb4 4. e3 O-O 5. Bd3 d5 6. a3 Bxc3+ 7. bxc3 b6 8.
cxd5 exd5 9. Nf3 c5 10. O-O Re8 11. a4 Qc7 12. Ba3 Nbd7 13. Rc1 c4 14. Bb1 Ne4
15. Nd2 f5 16. f3 Nxd2 17. Qxd2 Nf6 18. Rce1 Bd7 19. Bc2 a6 20. Bb4 Rab8 21.
Qf2 h6 22. Qh4 a5 23. Ba3 b5 24. axb5 Rxb5 25. h3 Rb6 26. g4 fxg4 27. hxg4 Rbe6
28. Bg6 Rb8 29. Bf5 Ree8 30. Bg6 Re6 31. Bf5 Ree8 32. Bc2 Bc6 33. g5 hxg5 34.
Qxg5 Qd8 35. Qh4 Rb3 36. Bxb3 cxb3 37. Rf2 a4 38. Rg2 Re6 39. Qg5 Qd7 40. Kf2
Qf7 41. Ke2 Bb5+ 42. Kd2 Bc4 43. Reg1 Ne8 44. Qg4 Bb5 45. Rh2 Qf6 46. Rgh1 Nd6
47. Rh8+ Kf7 48. Bxd6 Rxd6 49. Qc8 Qe7 50. Qg8+ Kf6 51. R8h6+ gxh6 52. Rxh6+
Kf5 53. Qg4# 1-0

[Event "Superettan(Orgryte-Vasteras)"]
[Site "?"]
[Date "2018.03.18"]
[Round "9"]
[White "Anderzen, Robert"]
[Black "Orndahl, Markus"]
[Result "1-0"]
[WhiteElo "2086"]
[BlackElo "2186"]
[PlyCount "51"]

1. d4 d5 2. c4 c6 3. Nf3 Nf6 4. Nc3 a6 5. a4 e6 6. Qb3 dxc4 7. Qxc4 b5 8. Qd3
Bb7 9. Bg5 Be7 10. e3 b4 11. Nb1 c5 12. Nbd2 O-O 13. Be2 h6 14. Bh4 cxd4 15.
exd4 Nc6 16. O-O Qd5 17. Rfd1 Nh5 18. Bg3 Nxg3 19. hxg3 Rad8 20. Nb3 Na5 21.
Nxa5 Qxa5 22. Ne5 Bf6 23. Qe3 Bd5 24. Rdc1 Bg5 25. f4 Be7 26. Kh1 1-0

[Event "Superettan(Kamraterna-Kristallen)"]
[Site "?"]
[Date "2018.03.18"]
[Round "9"]
[White "Andersson, Goran L"]
[Black "Svensson, Bengt"]
[Result "1/2-1/2"]
[WhiteElo "2228"]
[BlackElo "2319"]
[PlyCount "53"]

1. e4 c5 2. Nf3 d6 3. Bb5+ Bd7 4. Bxd7+ Qxd7 5. O-O Nf6 6. Qe2 Nc6 7. Rd1 e6 8.
d4 cxd4 9. Nxd4 Nxd4 10. Rxd4 Qc6 11. Nc3 Be7 12. Bg5 O-O 13. Rad1 Rfd8 14. Qd3
h6 15. Bxf6 Bxf6 16. Rxd6 Rxd6 17. Qxd6 Qxd6 18. Rxd6 Bxc3 19. bxc3 Rc8 20. f3
Rc7 21. Rd8+ Kh7 22. Kf1 Kg6 23. Rd3 Rc5 24. Rd7 b6 25. Rxa7 Rxc3 26. Rb7 Rxc2
27. Rxb6 1/2-1/2

[Event "Superettan(Kamraterna-Kristallen)"]
[Site "?"]
[Date "2018.03.18"]
[Round "9"]
[White "Aberg, Anton"]
[Black "Lindh, Fredrik"]
[Result "1/2-1/2"]
[WhiteElo "2368"]
[BlackElo "2250"]
[PlyCount "69"]

1. d4 Nf6 2. Bg5 Ne4 3. Bf4 d5 4. e3 Bf5 5. Bd3 e6 6. f3 Nd6 7. Ne2 Be7 8. Nbc3
Nc6 9. O-O O-O 10. e4 dxe4 11. fxe4 Bg4 12. h3 Bxe2 13. Nxe2 Nb4 14. c3 Nxd3
15. Qxd3 Bg5 16. Bh2 Qd7 17. Rae1 Qc6 18. Ng3 Bh4 19. Re2 Rad8 20. Nh5 Qb5 21.
Qxb5 Nxb5 22. Be5 f6 23. Bh2 Bg5 24. a4 Nd6 25. e5 fxe5 26. Rxf8+ Rxf8 27. Bxe5
Ne8 28. Ng3 c6 29. Bb8 Nf6 30. Bd6 Re8 31. Ne4 Nxe4 32. Rxe4 Kf7 33. Re2 Rd8
34. Bg3 Rd5 35. Be5 1/2-1/2

[Event "Superettan(Kamraterna-Kristallen)"]
[Site "?"]
[Date "2018.03.18"]
[Round "9"]
[White "Walinder, Lars"]
[Black "Svenn, Gosta"]
[Result "1-0"]
[WhiteElo "2205"]
[BlackElo "2307"]
[PlyCount "79"]

1. c4 Nf6 2. Nc3 g6 3. e4 d6 4. d4 Bg7 5. Nf3 O-O 6. Be2 e5 7. d5 a5 8. Bg5 h6
9. Bh4 Na6 10. Nd2 Nc5 11. O-O Bd7 12. b3 Qe8 13. Rb1 Nh7 14. f3 f5 15. a3 Bf6
16. Bf2 Bg5 17. b4 axb4 18. axb4 Na4 19. Qc2 Nxc3 20. Qxc3 Nf6 21. Bd3 Nh5 22.
Ra1 Nf4 23. Rxa8 Qxa8 24. Ra1 Qc8 25. Bf1 Nh5 26. c5 Bxd2 27. Qxd2 Kh7 28. Ra7
Rf7 29. Qa2 Be8 30. c6 bxc6 31. dxc6 Qd8 32. Ra8 Qe7 33. b5 fxe4 34. fxe4 Nf4
35. g3 Ne6 36. Bc4 Rf6 37. Bxe6 Rxe6 38. b6 Bxc6 39. bxc7 Qxc7 40. Ra7 1-0

[Event "Superettan(Kamraterna-Kristallen)"]
[Site "?"]
[Date "2018.03.18"]
[Round "9"]
[White "Hamark, Jesper"]
[Black "Naslund, Mikael"]
[Result "1-0"]
[WhiteElo "2333"]
[BlackElo "2205"]
[PlyCount "103"]

1. g3 Nf6 2. Bg2 g6 3. d4 d5 4. Nf3 Bg7 5. O-O O-O 6. c3 b6 7. Ne5 Bb7 8. c4
Qc8 9. Qb3 dxc4 10. Qxc4 Bxg2 11. Kxg2 Qb7+ 12. f3 Nfd7 13. Nxd7 Nxd7 14. Nc3
e6 15. Bg5 h6 16. Be3 Rac8 17. Rad1 Rfe8 18. Rd2 Nf6 19. Bf2 Nd5 20. Nd1 f5 21.
Re1 Kh7 22. e4 Nf6 23. Nc3 Rcd8 24. exf5 exf5 25. Rxe8 Rxe8 26. d5 Re7 27. Bd4
a6 28. a4 Rd7 29. Be5 Ne8 30. Bxg7 Kxg7 31. Re2 Qc8 32. Re6 Nd6 33. Qd4+ Kh7
34. Ne2 Qh8 35. Qxh8+ Kxh8 36. Rxg6 Nc4 37. Nf4 Nxb2 38. a5 Nc4 39. axb6 cxb6
40. Rxh6+ Kg7 41. Rc6 Ne3+ 42. Kh3 Nxd5 43. Nxd5 Rxd5 44. Rxb6 Rd3 45. f4 Ra3
46. Kh4 Ra2 47. Kg5 a5 48. Rb7+ Kf8 49. Kxf5 Rxh2 50. Ra7 Rh5+ 51. Kf6 Kg8 52.
Kg6 1-0

[Event "Superettan(Kamraterna-Kristallen)"]
[Site "?"]
[Date "2018.03.18"]
[Round "9"]
[White "Gamback, Bjorn"]
[Black "Madebrink, Lars"]
[Result "0-1"]
[WhiteElo "2148"]
[BlackElo "2168"]
[PlyCount "148"]

1. Nf3 Nf6 2. c4 g6 3. b4 a5 4. b5 d6 5. d4 Nbd7 6. Bb2 Bg7 7. Qc2 O-O 8. Nbd2
Re8 9. Rd1 e5 10. dxe5 dxe5 11. e4 Qe7 12. Be2 Nh5 13. O-O Nf4 14. Rfe1 Nc5 15.
Ba3 a4 16. Nf1 Bf8 17. Ne3 c6 18. Bf1 Qf6 19. Bb2 Nh3+ 20. gxh3 Qxf3 21. Bg2
Qh5 22. bxc6 bxc6 23. Qe2 Qxe2 24. Rxe2 a3 25. Ba1 f6 26. f3 Kf7 27. Bf1 Ne6
28. Ng4 Bc5+ 29. Kh1 Nf4 30. Rc2 h5 31. Nf2 Be6 32. Bc3 Red8 33. Rb1 Rab8 34.
Re1 Rb7 35. h4 Rdb8 36. Nd3 Nxd3 37. Bxd3 Rb1 38. Rce2 Rxe1+ 39. Rxe1 Ke7 40.
Rc1 Kd6 41. Kg2 Be3 42. Rc2 Kc5 43. Kf1 Bd4 44. Rc1 Be3 45. Rc2 Rb1+ 46. Ke2
Bf4 47. Be1 Rb2 48. Bf2+ Kd6 49. Kd1 Rb1+ 50. Ke2 Rh1 51. Bg3 Ra1 52. Bxf4 exf4
53. Kd2 g5 54. hxg5 fxg5 55. Kc3 Kc5 56. Rf2 Re1 57. Be2 Rc1+ 58. Kb3 Kd4 59.
Rf1 Rc3+ 60. Kb4 c5+ 61. Kb5 Ke3 62. Rg1 Kxe2 63. Rxg5 Bxc4+ 64. Kxc5 Bxa2+ 65.
Kb4 Rb3+ 66. Ka4 Rxf3 67. Rxh5 Bc4 68. Kb4 a2 69. Ra5 Rf1 70. Kxc4 a1=Q 71.
Rxa1 Rxa1 72. e5 f3 73. e6 f2 74. e7 Ra8 0-1